000 00268nam a2200121Ia 4500
008 190216s9999||||xx |||||||||||||| ||und||
100 _aRamsey. As
245 0 _aStatistics
260 _bCambridge Uty Press
_c1965
300 _a296p
650 _aPhysics
942 _cBK
999 _c37161
_d37161